000 00371 a2200109 4500
001 ART_25950
005 20260410161935.0
008 260409a
245 1 0 _aLa Constitución de 1853 como justicia
100 1 _aCueto Rúa, Julio César
773 0 _tAnales de la Academia Nacional de Ciencias Económicas
_g- Vol. XLVIII, (2003) (ene. 2004)
_wREV25596
999 _c28946
_d28946